Can you name 100 Drama Actors ? - Statistics

General Stats
  • This quiz has been taken 19 times
  • The average score is 37 of 100
Answer Stats
Picture Answer % Correct
Cha Eun Woo
82%
Ji Chang Wook
82%
Lee Jong Suk
82%
Lee Dong Wook
76%
Song Kang
76%
Bae Suzy
71%
Hyun Bin
71%
Kim Soo Hyun
71%
Gong Yoo
65%
Jung So Min
65%
Lee Min Ho
65%
Lee Seung Gi
65%
Park Bo Young
65%
Park Seo Joon
65%
Byeon Woo Seok
59%
Han So Hee
59%
Jung Hae In
59%
Kim Woo Bin
59%
Lee Do Hyun
59%
Nam Joo Hyuk
59%
Park Hyung Sik
59%
Park Min Young
59%
Park Shin Hye
59%
Song Hye Kyo
59%
Song Joong Ki
59%
Yang Yang
59%
Kim Go Eun
53%
Kim Hye Yoon
53%
Kim Se Jeong
53%
Kim Tae Ri
53%
Lee Jae Wook
53%
Lee Sung Kyung
53%
Seo In Guk
53%
Son Ye Jin
53%
Kim Ji Won
47%
Kim Seon Ho
47%
Kim So Hyun
47%
Lee Je Hoon
47%
Lee Jun Ho
47%
Seo Yea Ji
47%
Wi Ha Joon
47%
Zhao Lu Si
47%
Dylan Wang
41%
Jun Ji Hyun
41%
Kang Ha Neul
41%
Lee Joon Gi
41%
Shin Min Ah
41%
Bai Lu
35%
Han Hyo Joo
35%
Jang Ki Yong
35%
Ahn Bo Hyun
29%
Go Youn Jung
29%
Lee Da Hee
29%
Leo Wu
29%
Lin Yi
29%
Seo Hyun
29%
Wang Yi Bo
29%
Xiao Zhan
29%
Xu Kai
29%
Chen Zhe Yuan
24%
Choi Si Won
24%
Dilraba Dilmurat
24%
Hu Yi Tian
24%
Kim Hye Soo
24%
Na In Woo
24%
Park Eun Bin
24%
Song Wei Long
24%
Yang Zi
24%
Zhang Jing Yi
24%
Bai Jing Ting
18%
Ding Yu Xi
18%
Kim You Jung
18%
Luo Yun Xi
18%
Seo Hyun Jin
18%
Shen Yue
18%
Zhang Ling He
18%
Aaron Yan
12%
Chen Fei Yu
12%
Cheng Yi
12%
Darren Wang
12%
Gong Jun
12%
Hwang Jung Eum
12%
Li Hong Yi
12%
Li Xian
12%
Sam Lin
12%
Wang An Yu
12%
Xing Fei
12%
Yang Mi
12%
Gong Hyo Jin
6%
Jang Geun Suk
6%
Jasper Liu
6%
Ma Si Chun
6%
Nam Yoon Su
6%
Oh Se Jung
6%
Park Hae Jin
6%
Won Jin Ah
6%
Xu Lu
6%
Zhang Zhe Han
6%
Zhao Li Ying
6%
Zhou Ye
6%
No matching quizzes found
Score Distribution
Percent of People with Each Score
Percentile by Number Answered
Your Score History
You have not taken this quiz